000 01322nam a22004217a 4500
001 317664268
003 OCoLC
005 20210419072912.0
008 090327s2010 enk 001 0 eng
010 _a 2009013093
016 7 _a101500320
_2DNLM
020 _a9780199730452 (pbk. : alk. paper)
020 _a0199730458 (pbk. : alk. paper)
035 _a(OCoLC)317664268
040 _aDNLM/DLC
_cDLC
_dNLM
042 _apcc
049 _aYYEA
080 _a616
_bC-78
096 _aWI 900 S582c 2010
100 1 _aSilen, William,
_d1927-
245 1 0 _aCope's early diagnosis of the acute abdomen.
246 3 0 _aEarly diagnosis of the acute abdomen.
250 _a22nd ed. / revised by William Silen.
260 _aOxford ;
_aNew York :
_bOxford University Press,
_c2010.
300 _axiv, 299 p. :
_b ill. ;
_c 21 cm.
365 _b33.27 usd
504 _aIncludes index.
590 _ac.1 1004629x Ritt 1/4/10 $40.00.
650 2 _aAbdomen, Acute
_xdiagnosis.
650 0 _aMedicine
_969
650 0 _aInternal Medicine
_981
650 2 _aDigestive System Diseases
_xdiagnosis.
653 _aდიაგნოსტიკა
653 _aმედიცინა
653 _aშინაგანი მედიცინა
700 1 _aCope, Zachary,
_d1881-1974.
942 _2udc
_cBK
999 _c297
_d297